| 000 | 00457cam a2200181ua 4500 | ||
|---|---|---|---|
| 020 | _c9.00 | ||
| 041 |
_ahin _h |
||
| 082 |
_a891.54 _bTRI/HI |
||
| 100 | _aTribhuvan, singh . | ||
| 245 |
_aHindi upanyas our yatharthavad / _cTribhuvan singh. _hTextual Documents |
||
| 250 |
_a4 / _b. |
||
| 260 |
_aVaranasi : _bHindi Pracharak Pusthakalayam , _c1959. |
||
| 300 | _a719 ; . | ||
| 365 | _a9.00 | ||
| 504 | _a | ||
| 942 | _cBK | ||
| 999 |
_c4082 _d4082 |
||